{"text_format":"3","workbook":"xlsx","n_sheets":5,"sheets":["7","8","9","10","11"],"not_rendered":{"defined_names":5},"read":"whole","date_system":"1900"}

{"sheet":"7","index":0,"n_rows":46,"n_cols":14,"rows_kept":46,"merged":[[0,0,0,13]]}
["Протокол по итогам муниципального этапа РОШ по предмету \"История\" Нижнекамского муниципального района в 2024-2025 учебном году"]
[]
["№","Фамилия","Имя","Отчество","Пол","Класс","Класс участия","первичный балл","Добавлено по итогам апелляции","Итоговый балл","Макс. балл","Статус","Призер МЭ прошлого года","Учитель"]
[1,"Белоусов","Кирилл","Андреевич","м",7,7,52,null,52,100,"призер","Да","Ахметсафина Кристина Владимировна"]
[2,"Сабиров","Тимур","Рамилевич","м",7,7,32,null,32,100,"участник","Да","Кириллова Юлия Анатольевна"]
[3,"Зарипова","Диляра","Рустемовна","ж",7,7,29,2,31,100,"участник",null,"Кириллова Юлия Анатольевна"]
[4,"Нуртдинов","Замир","Ленарович","м",7,7,27,null,27,100,"участник",null,"Юганова Евгения Михайловна"]
[5,"Мокрушина","София","Андреевна","ж",7,7,22,null,22,100,"участник",null,"Старостина Елена Евгеньевна"]
[6,"Чапаев","Роман","Андреевич","м",7,7,21,null,21,100,"участник",null,"Юганова Евгения Михайловна"]
[7,"Латфуллина","Альфия","Нафисовна","ж",7,7,20,null,20,100,"участник",null,"Лаврентьева Ольга Владимировна"]
[8,"Каюмова","Камиля","Ильшатовна","ж",7,7,20,null,20,100,"участник",null,"Кириллова Юлия Анатольевна"]
[9,"Карамов","Булат","Рифкатович","м",7,7,20,null,20,100,"участник",null,"Фаттахова Айсылу Искандаровна"]
[10,"Кязымова","Самира","Рауф кызы","ж",7,7,20,null,20,100,"участник",null,"Ибрагимова Эльмира Шафиковна"]
[11,"Бикбаев","Шамиль","Равилевич","м",7,7,19,null,19,100,"участник",null,"Страхова Светлана Александровна"]
[12,"Башина","Милана","Владимировна","ж",7,7,18,null,18,100,"участник","Да","Ахметсафина Кристина Владимировна"]
[13,"Кудряшова","Арина","Владимировна","ж",7,7,17,null,17,100,"участник",null,"Никитина Людмила Александровна"]
[14,"Параничев","Климентий","Максимович","м",7,7,16,null,16,100,"участник",null,"Магдеев Шамиль Ильдарович"]
[15,"Сорокин","Архип","Юрьевич","м",7,7,15,null,15,100,"участник",null,"Хуззятова Лариса Валерьевна"]
[16,"Илюшкина","Дарья","Андреевна","ж",7,7,15,null,15,100,"участник",null,"Адиатова Ольга Николаевна"]
[17,"Коновнин","Даниил","Денисович","м",7,7,15,null,15,100,"участник",null,"Ахметсафина Кристина Владимировна"]
[18,"Палева","Диана","Эдуардовна","ж",7,7,15,null,15,100,"участник","Да","Маслова Ирина Евгеньевна"]
[19,"Садыков","Самат","Русланович","м",7,7,15,null,15,100,"участник",null,"Ахмерова Динара Рафиковна"]
[20,"Багаутдинов","Алмаз","Раисович","м",7,7,14,null,14,100,"участник","Да","Ахмерова Динара Рафиковна"]
[21,"Ткаченка","Яна","Андреевна","ж",7,7,13,null,13,100,"участник",null,"Старостина Елена Евгеньевна"]
[22,"Борисов","Михаил","Артурович","м",7,7,13,null,13,100,"участник",null,"Галикеев Нияз Наилевич,"]
[23,"Гатина","Лейла","Ринатовна","м",7,7,12,null,12,100,"участник",null,"Байрамова Лилия Талгатовна"]
[24,"Плеханов","Матвей","Дмитриевич","м",7,7,12,null,12,100,"участник",null,"Ахметсафина Кристина Владимировна"]
[25,"Юсупов","Инсаф","Ильясович","м",7,7,11,null,11,100,"участник",null,"Пичугина Дарья Александровна"]
[26,"Шаталов","Кирилл","Евгеньевич","м",7,7,11,null,11,100,"участник",null,"Булычева Светлана Владимировна"]
[27,"Кувшинова","Яна","Эдуардовна","ж",7,7,10,null,10,100,"участник",null,"Белькова Ирина Алексеевна"]
[28,"Шириев","Давид","Ленарович","м",7,7,10,null,10,100,"участник",null,"Фаттахова Айсылу Искандаровна"]
[29,"Федоров","Тимур","Александрович","м",7,7,10,null,10,100,"участник",null,"Макушева Ольга Александровна"]
[30,"Козлов","Матвей","Евгеньевич","м",7,7,10,null,10,100,"участник",null,"Егорова Елена Михайловна"]
[31,"Антонов","Артур","Евгеньевич","м",7,7,8,null,8,100,"участник",null,"Бутов Константин Павлович"]
[32,"Хамидуллин","Ильфак","Рамилевич","м",7,7,8,null,8,100,"участник",null,"Никитина Людмила Александровна"]
[33,"Мижарева","София","Руслановна","ж",7,7,7,null,7,100,"участник",null,"Митрофанова Юлия Андреевна"]
[34,"Прокопьева","Ксения","Евгеньевна","ж",7,7,7,null,7,100,"участник",null,"Архипова Лариса Владимировна"]
[35,"Юров","Роман","Олегович","м",7,7,7,null,7,100,"участник","Да","Страхова Светлана Александровна"]
[36,"Пинина","Софья","Павловна","ж",7,7,7,null,7,100,"участник",null,"Ишмухаметов Ильгам Шакирзянович"]
[37,"Нуртдинова","Сафия","Рушановна","ж",7,7,7,null,7,100,"участник",null,"Ишмухаметов Ильгам Шакирзянович"]
[38,"Гурьянова","Мария","Львовна","ж",7,7,7,null,7,100,"участник",null,"Адиатова Ольга Николаевна"]
[39,"Нуруллина","София","Ильнаровна","ж",7,7,6,null,6,100,"участник",null,"Жаворонок Айгуль Рафильевна"]
[40,"Бадртдинов","Инсаф","Ильдусович","м",7,7,5,null,5,100,"участник",null,"Миннегалиев Фазыл Минразиевич"]
[41,"Суворов","Никита","Антонович","м",7,7,4,null,4,100,"участник",null,"Ельцова Ирина Викторовна"]
[42,"Мишагин","Илья","Николаевич","м",7,7,4,null,4,100,"участник",null,"Осипова Наталья Дмитриевна"]
[43,"Филиппов","Богдан","Александрович","м",7,7,0,null,0,100,"участник",null,"Галикеев Нияз Наилевич"]

{"sheet":"8","index":1,"n_rows":43,"n_cols":14,"rows_kept":43,"merged":[[0,0,0,13]]}
["Протокол по итогам муниципального этапа РОШ по предмету \"История\" Нижнекамского муниципального района в 2024-2025 учебном году"]
[]
["№","Фамилия","Имя","Отчество","Пол","Класс","Класс участия","Первичный балл","Добавлено по итогам апелляции","Итоговый балл","Макс. балл","Статус","Призер МЭ прошлого года","Учитель"]
[1,"Юсупов","Джамаль","Русланович","м",8,8,51,null,51,100,"призер","Да","Алимов Виталий Шамильевич"]
[2,"Мустафин","Артём","Харисович","м",8,8,45,null,45,100,"участник",null,"Лаврентьева Ольга Владимировна"]
[3,"Фатыхов","Альберт","Русланович","м",8,8,41,null,41,100,"участник",null,"Митрофанова Юлия Андреевна"]
[4,"Кашапов","Шакир","Табрисович","м",8,8,39,null,39,100,"участник",null,"Пискарев Иван Николаевич"]
[5,"Проскурина","Екатерина","Петровна","ж",8,8,39,null,39,100,"участник",null,"Степанов Бронислав Анатольевич"]
[6,"Исаева","Даная","Игоревна","ж",8,8,34,null,34,100,"участник",null,"Юганова Евгения Михайловна"]
[7,"Смоленкова","Софья","Дмитриевна","ж",8,8,33,null,33,100,"участник",null,"Ахметзянова Ольга Евгеньевна"]
[8,"Абрамов","Данила","Иванович","м",8,8,30,null,30,100,"участник",null,"Страхова Светлана Александровна"]
[9,"Закиров","Тимур","Маратович","м",8,8,27,null,27,100,"участник",null,"Ахметзянова Ольга Евгеньевна"]
[10,"Михайлова","Лия","Александровна","ж",8,8,25,null,25,100,"участник",null,"Никитина Людмила Александровна"]
[11,"Гапсаламова","Камилла","Маратовна","ж",8,8,24,null,24,100,"участник",null,"Ишмухаметов Ильгам Шакирзянович"]
[12,"Краснова","Аэлита","Андреевна","ж",8,8,20,null,20,100,"участник",null,"Адиатова Ольга Николаевна"]
[13,"Ганиева","Зарина","Айвазовна","ж",8,8,20,null,20,100,"участник",null,"Страхова Светлана Александровна"]
[14,"Бусова","Дарья","Алексеевна","ж",8,8,20,null,20,100,"участник",null,"Ахметсафина Кристина Владимировна"]
[15,"Нуришанов","Эмиль","Русланович","м",8,8,18,null,18,100,"участник",null,"Ахметзянова Ольга Евгеньевна"]
[16,"Марданшина","Диляра","Ильдаровна","ж",8,8,18,null,18,100,"участник",null,"Фаттахова Айсылу Искандаровна"]
[17,"Миндубаев","Хаким","Наилевич","м",8,8,17,null,17,100,"участник",null,"Ахметзянова Ольга Евгеньевна"]
[18,"Пестерева","Надежда","Геннадьевна","ж",8,8,16,null,16,100,"участник",null,"Ахмерова Динара Рафиковна"]
[19,"Гришин","Егор","Максимович","м",8,8,15,null,15,100,"участник",null,"Савельева Ольга Ивановна"]
[20,"Гайнанова","Аида","Александровна","ж",8,8,15,null,15,100,"участник",null,"Ахмерова Динара Рафиковна"]
[21,"Новиков","Андрей","Олегович","м",8,8,13,null,13,100,"участник",null,"Ахметзянова Ольга Евгеньевна"]
[22,"Яковлева","Элина","Денисовна","ж",8,8,13,null,13,100,"участник",null,"Адиатова Ольга Николаевна"]
[23,"Иванова","Лаура","Сергеевна","ж",8,8,13,null,13,100,"участник",null,"Ишмухаметов Ильгам Шакирзянович"]
[24,"Низамутдинова","Ралина","Руслановна","ж",8,8,12,null,12,100,"участник",null,"Муратова Лариса Миншаеховна"]
[25,"Седашев","Никита","Степанович","м",8,8,12,null,12,100,"участник",null,"Пичугина Дарья Александровна"]
[26,"Мудренова","Дарья","Константиновна","ж",8,8,12,null,12,100,"участник",null,"Кацева Айгуль Рустемовна"]
[27,"Маклаков","Всеволод","Владимирович","м",8,8,11,null,11,100,"участник",null,"Воронина Елена Олеговна"]
[28,"Орлова","Карина","Алексеевна","ж",8,8,10,null,10,100,"участник",null,"Сидорова Ольга Николаевна"]
[29,"Бадртдинова","Алина","Руслановна","ж",8,8,10,null,10,100,"участник",null,"Савельева Ольга Ивановна"]
[30,"Низамова","Камиля","Айратовна","ж",8,8,10,null,10,100,"участник",null,"Муратова Лариса Миншаеховна"]
[31,"Мустафин","Карим","Айратович","м",8,8,10,null,10,100,"участник",null,"Кацева Айгуль Рустемовна"]
[32,"Багавеев","Эмир","Рустемович","м",8,8,10,null,10,100,"участник",null,"Имамиева Фания Ильсуровна"]
[33,"Ибрагимова","Альмира","Раушатовна","ж",8,8,9,null,9,100,"участник",null,"Юнусов Марсель Рамилевич"]
[34,"Носкова","Полина","Николаевна","ж",8,8,9,null,9,100,"участник",null,"Услугина Светлана Петровна"]
[35,"Блинов","Константин","Иванович","м",8,8,8,null,8,100,"участник",null,"Ельцова Ирина Викторовна"]
[36,"Гафуров","Карим","Айратович","м",8,8,8,null,8,100,"участник",null,"Фаттахова Айсылу Искандаровна"]
[37,"Киямова","Саида","Рустамовна","ж",8,8,8,null,8,100,"участник",null,"Гиждеван Елена Александровна"]
[38,"Васькова","Вера","Дмитриевна","ж",8,8,7,null,7,100,"участник",null,"Хуззятова Лариса Валерьевна"]
[39,"Шакирова","Аурика","Ринатовна","ж",8,8,6,null,6,100,"участник",null,"Юнусов Марсель Рамилевич"]
[40,"Басырова","Диана","Вадимовна","ж",8,8,6,null,6,100,"участник",null,"Жаворонок Айгуль Рафильевна"]

{"sheet":"9","index":2,"n_rows":39,"n_cols":14,"rows_kept":39,"merged":[[0,0,0,13]]}
["Протокол по итогам муниципального этапа ВСОШ по предмету \"История\" Нижнекамского муниципального района в 2024-2025 учебном году"]
[]
["№","Фамилия","Имя","Отчество","Пол","Класс","Класс участия","первичный балл","Добавлено по итогам апелляции","Итоговый балл","Макс. балл","Статус","Призер МЭ прошлого года","Учитель"]
[1,"Единая","Анна","Васильевна","ж",9,9,37.5,null,37.5,100,"участник",null,"Юганова Евгения Михайловна"]
[2,"Хафизуллин","Тимур","Робертович","м",9,9,36.5,null,36.5,100,"участник",null,"Хакимова Регина Радиковна"]
[3,"Гайдуллин","Ярослав","Владимирович","м",9,9,35,null,35,100,"участник",null,"Савельева Ольга Ивановна"]
[4,"Кобелева","Арина","Дмитриевна","ж",9,9,34,1,35,100,"участник","Да","Афиногентова Ангелина Александровна"]
[5,"Гимадиева","Алина","Фаилевна","ж",9,9,33.5,null,33.5,100,"участник",null,"Никитина Людмила Александровна"]
[6,"Саметова","Азалия","Айдаровна","ж",9,9,18.5,null,18.5,100,"участник",null,"Гиниятуллина Альфия Танзильевна"]
[7,"Петров","Тимофей","Витальевич","м",9,9,18,null,18,100,"участник",null,"Булычева Светлана Владимировна"]
[8,"Миличевич","Анна","Радисавовна","ж",9,9,17.5,null,17.5,100,"участник","Да","Галиахметов Артур Каримович"]
[9,"Захаров","Арсений","Александрович","м",9,9,17.5,null,17.5,100,"участник",null,"Имамиева Фания Ильсуровна"]
[10,"Кузнецова","Арина","Константиновна","ж",9,9,17.5,null,17.5,100,"участник",null,"Юганова Евгения Михайловна"]
[11,"Султанова","Венера","Ленаровна","ж",9,9,16,null,16,100,"участник",null,"Ахметсафина Кристина Владимировна"]
[12,"Прончуков","Илья","Дмитриевич","м",9,9,15.5,null,15.5,100,"участник",null,"Ахметова Римма Габдулловна"]
[13,"Перевозчиков","Андрей","Анатольевич","м",9,9,15,null,15,100,"участник",null,"Макушева Ольга Александровна"]
[14,"Мухамедшин","Самат","Мансурович","м",9,9,14.5,null,14.5,100,"участник",null,"Шакирова Эндже Каримовна"]
[15,"Шамсутдинов","Ришат","Ленарович","м",9,9,14.5,null,14.5,100,"участник",null,"Старостина Елена Евгеньевна"]
[16,"Артемьев","Никита","Максимович","м",9,9,12,null,12,100,"участник",null,"Обуховская Ирина Николаевна"]
[17,"Михеев","Александр","Максимович","м",9,9,11.5,null,11.5,100,"участник",null,"Пичугина Дарья Александровна"]
[18,"Шамсутдинов","Рафаэль","Рафилевич","м",9,9,10,null,10,100,"участник",null,"Шарифуллина Алсу Ильнуровна"]
[19,"Дустов","Мухаммад","Баходурович","м",9,9,10,null,10,100,"участник",null,"Жаворонок Айгуль Рафильевна"]
[20,"Рахимов","Ринат","Радикович","м",9,9,9.5,null,9.5,100,"участник",null,"Лаврентьева Ольга Владимировна"]
[21,"Биккулов","Дамир","Айратович","м",9,9,9.5,null,9.5,100,"участник","Да","Маслова Ирина Евгеньевна"]
[22,"Махмутов","Алмаз","Артурович","м",9,9,8.5,null,8.5,100,"участник",null,"Имамиева Фания Ильсуровна"]
[23,"Якупова","Айгуль","Ямилевна","ж",9,9,8,null,8,100,"участник",null,"Хазипова Наталья Никоноровна"]
[24,"Нуртдинова","Аделя","Радиковна","ж",9,9,8,null,8,100,"участник",null,"Маслова Ирина Евгеньевна"]
[25,"Ташкина","Вероника","Олеговна","ж",9,9,7.5,null,7.5,100,"участник",null,"Белькова Ирина Алексеевна"]
[26,"Сергеев","Тимур","Олегович","м",9,9,7,null,7,100,"участник",null,"Валиева Елена Анатольевна"]
[27,"Гарипов","Ильназ","Илдарович","м",9,9,7,null,7,100,"участник",null,"Юнусов Марсель Рамилевич"]
[28,"Дорофеева","Полина","Валерьевна","ж",9,9,7,null,7,100,"участник",null,"Страхова Светлана Александровна"]
[29,"Каримова","Амина","Рамилевна","ж",9,9,7,null,7,100,"участник",null,"Бурмистрова Екатерина Александровна"]
[30,"Ташбулатов","Альберт","Русланович","м",9,9,5,null,5,100,"участник",null,"Гурьянова Светлана Анатольевна"]
[31,"Зиничев","Илья","Дмитриевич","м",9,9,5,null,5,100,"участник",null,"Обуховская Ирина Николаевна"]
[32,"Русеева","Дарья","Андреевна","ж",9,9,5,null,5,100,"участник",null,"Адиатова Ольга Николаевна"]
[33,"Дёмина","Виктория","Олеговна","ж",9,9,5,null,5,100,"участник",null,"Юнусов Марсель Рамилевич"]
[34,"Малова","Аделина","Евгеньевна","ж",9,9,5,null,5,100,"участник",null,"Шарифуллина Алсу Ильнуровна"]
[35,"Ахметова","Амилия","Ленаровна","ж",9,9,5,null,5,100,"участник",null,"Шарифуллина Алсу Ильнуровна"]
[36,"Юзеева","Диляна","Витальевна","ж",9,9,3.5,null,3.5,100,"участник",null,"Адиатова Ольга Николаевна"]

{"sheet":"10","index":3,"n_rows":18,"n_cols":14,"rows_kept":18,"merged":[[0,0,0,13]]}
["Протокол по итогам муниципального этапа ВСОШ по предмету \"Истрия\" Нижнекамского муниципального района в 2024-2025 учебном году"]
[]
["№","Фамилия","Имя","Отчество","Пол","Класс","Класс участия","Первичный балл","Добавлено по итогам апелляции","Итоговый балл","Макс. балл","Статус","Призер МЭ прошлого года","Учитель"]
[1,"Реимов","Вадим","Андреевич","м",10,10,70,1,71,100,"призер","Да","Ахметзянова Ольга Евгеньевна"]
[2,"Темиргазина","Динара","Данилевна","ж",10,10,50,null,50,100,"призер","Да","Савельева Ольга Ивановна"]
[3,"Ганиев","Камиль","Азатович","м",10,10,33,null,33,100,"участник",null,"Шакирова Эндже Каримовна"]
[4,"Скучаев","Иван","Алексеевич","м",10,10,17,null,17,100,"участник",null,"Гиждеван Елена Александровна"]
[5,"Герасимов","Родион","Эдуардович","м",10,10,15,null,15,100,"участник",null,"Никитина Людмила Александровна"]
[6,"Кушниренко","Даниил","Александрович","м",10,10,15,null,15,100,"участник",null,"Юганова Евгения Михайловна"]
[7,"Чупашев","Роман","Дмитриевич","м",10,10,13,null,13,100,"участник",null,"Фунтикова Энза Николаевна"]
[8,"Васильев","Богдан","Ильнурович","м",10,10,11,null,11,100,"участник",null,"Мискинова Айгуль Шавкатовна"]
[9,"Сарсадских","Артём","Александрович","м",10,10,11,null,11,100,"участник",null,"Юганова Евгения Михайловна"]
[10,"Сигаев","Кирилл","Елисеевич","м",10,10,10,null,10,100,"участник",null,"Лаврентьева Ольга Владимировна"]
[11,"Соснова","Карина","Андреевна","ж",10,10,10,null,10,100,"участник",null,"Обуховская Ирина Николаевна"]
[12,"Камалиева","Рамина","Руслановна","ж",10,10,7,null,7,100,"участник",null,"Ахметзянова Ольга Евгеньевна"]
[13,"Лихачев","Кирилл","Сергеевич","м",10,10,7,null,7,100,"участник",null,"Валиева Елена Анатольевна"]
[14,"Мавлетова","Камилла","Нажмидиновна","ж",10,10,5,null,5,100,"участник",null,"Ибрагимова Эльмира Шафиковна"]
[15,"Гафиятуллина","Карина","Алексеевна","ж",10,10,2,null,2,100,"участник",null,"Пичугина Дарья Александровна"]

{"sheet":"11","index":4,"n_rows":25,"n_cols":14,"rows_kept":25,"merged":[[0,0,0,13]]}
["Протокол по итогам муниципального этапа ВСОШ по предмету \"История\" Нижнекамского муниципального района в 2024-2025 учебном году"]
[]
["№","Фамилия","Имя","Отчество","Пол","Класс","Класс участия","Первичный балл","Добавлено по итогам апелляции","Итоговый балл","Макс. балл","Статус","Призер МЭ прошлого года","Учитель"]
[1,"Салихов","Альберт","Владиславович","м",11,11,59,4,63,100,"призер","Да","Кириллова Юлия Анатольевна"]
[2,"Яруллина","Рената","Альбертовна","ж",11,11,50,3,53,100,"призер",null,"Воронина Елена Олеговна"]
[3,"Натуралов","Станислав","Викторович","м",11,11,48,5,53,100,"призер","Да","Кириллова Юлия Анатольевна"]
[4,"Вильданова","Камиля","Рамилевна","ж",11,11,42,null,42,100,"участник",null,"Муратова Лариса Миншаеховна"]
[5,"Ходалова","Вероника","Андреевна","ж",11,11,36,null,36,100,"участник",null,"Булычева Светлана Владимировна"]
[6,"Матросов","Роман","Сергеевич","м",11,11,29,null,29,100,"участник",null,"Адиатова Ольга Николаевна"]
[7,"Шайхлисламова","Регина","Маратовна","ж",11,11,28,null,28,100,"участник",null,"Шакирова Эндже Каримовна"]
[8,"Гребенева","Алина","Сергеевна","ж",11,11,25,null,25,100,"участник",null,"Булычева Светлана Владимировна"]
[9,"Амирханов","Артур","Маратович","м",11,11,24,null,24,100,"участник",null,"Адиатова Ольга Николаевна"]
[10,"Садыкова","Рамиля","Рафисовна","ж",11,11,23,null,23,100,"участник",null,"Султанов Радик Ибрагимович"]
[11,"Дробина","Арина","Андреевна","ж",11,11,17,null,17,100,"участник",null,"Шакирова Эндже Каримовна"]
[12,"Набиева","Аделя","Рафаэлевна","ж",11,11,17,null,17,100,"участник",null,"Степанов Бронислав Анатольевич"]
[13,"Кизнер","Роман","Евгеньевич","м",11,11,16,null,16,100,"участник",null,"Григорьева Светлана Ренижановна"]
[14,"Тюрина","Мария","Анатольевна","ж",11,11,14,null,14,100,"участник",null,"Обуховская Ирина Николаевна"]
[15,"Хасанова","Ралина","Ильдаровна","ж",11,11,14,null,14,100,"участник",null,"Бурмистрова Екатерина Александровна"]
[16,"Мухаметгалиева","Лилиана","Ленаровна","ж",11,11,12,null,12,100,"участник",null,"Гурьянова Светлана Анатольевна"]
[17,"Вафина","Зубаржат","Джадатовна","ж",11,11,12,null,12,100,"участник",null,"Обуховская Ирина Николаевна"]
[18,"Карелин","Влад","Алексеевич","м",11,11,11,null,11,100,"участник",null,"Сидорова Ольга Николаевна"]
[19,"Кунгурова","Алиса","Александровна","ж",11,11,8,null,8,100,"участник",null,"Ельцова Ирина Викторовна"]
[20,"Акрамов","Софроний","Шухратжонович","м",11,11,8,null,8,100,"участник",null,"Воронина Елена Олеговна"]
[21,"Строкина","Кристина","Игоревна","ж",11,11,6,null,6,100,"участник",null,"Услугина Светлана Петровна"]
[22,"Минниханов","Амир ","Дамирович","м",11,11,5,null,5,100,"участник",null,"Ахметова Римма Габдулловна"]